Commercial banking / (Record no. 4858)

MARC details
000 -LEADER
fixed length control field 00581 a2200181 4500
010 ## - LCCN (DPL NO)
LC control number ENG-86633
020 ## - INTERNATIONAL STANDARD BOOK NUMBER
Terms of availability 120.00
035 ## - SYSTEM CONTROL NUMBER
System control number EN-70166
037 ## - SOURCE OF ACQUISITION
Source of stock number/acquisition DBAD / PUB
082 14 - DEWEY DECIMAL CLASSIFICATION NUMBER
Classification number 332.1
100 1# - MAIN ENTRY--PERSONAL NAME
Personal name Gorden, E
245 1# - TITLE STATEMENT
Title Commercial banking /
Statement of responsibility, etc by E. Gorden [and] K. Natrajan
260 ## - PUBLICATION, DISTRIBUTION, ETC. (IMPRINT)
Place of publication, distribution, etc Mumbai
Name of publisher, distributor, etc Himalaya Publishing House
Date of publication, distribution, etc 2006
270 ## - ADDRESS
Address " Pooja Apartment" Dr. Bhalerai Marg, Girgaon
City Mumbai
Postal code 400 004
Telephone number 022- 23860170
Electronic mail address himpub@vsnl.com
Fax number 022-23877178
300 ## - PHYSICAL DESCRIPTION
Extent xi, 171 p
Dimensions 23 cm (Pbk)
700 1# - ADDED ENTRY--PERSONAL NAME
Personal name Natrajan, K
942 ## - ADDED ENTRY ELEMENTS (KOHA)
Institution code [OBSOLETE] dpl
Item type English Books
Source of classification or shelving scheme Dewey Decimal Classification
Classification part 332.1
Call number suffix GOR
Holdings
Withdrawn status Lost status Not for loan Collection code Home library Current library Source of acquisition Cost, normal purchase price Full call number Barcode Copy number Cost, replacement price Koha item type
    Not For Loan Non-fiction D.B.Act.Division D.B.Act.Division DBAD/PUB 120.00 332.1 GOR EN-70166 1 120.00 English Books

© Delhi Public Library
Hit Counter
free hit counter